| 000 | 01127 a2200169 4500 | ||
|---|---|---|---|
| 020 | _a0201433036 (acid-free paper) | ||
| 040 | _aDLC | ||
| 100 | 1 | _aDenning, Dorothy Elizabeth Robling, | |
| 245 | 1 | 0 |
_aInformation warfare and security _cDorothy E. Denning. |
| 260 |
_aIndia : _bACM Press ; _aReading, Ma. : _bAddison-Wesley, _cc1999. |
||
| 300 |
_axvii, 522 p. : _bill. ; _c24 cm. |
||
| 520 | 1 | _a"In Information Warfare and Security, Dorothy E. Denning, a pioneer in computer security, provides a framework for understanding and dealing with information-based threats: computer break-ins, fraud, sabotage, espionage, piracy, identity theft, invasions of privacy, and electronic warfare. She describes these attacks with astonishing, real examples, as in her analysis of information warfare operations during the Gulf War. Then, offering sound advice for security practices and policies, she explains countermeasures that are both possible and necessary."--BK JACKET. | |
| 650 | 0 | _aInformation warfare. | |
| 650 | 0 |
_aInformation warfare _zUnited States. |
|
| 650 | 0 |
_aNational security _zUnited States. |
|
| 942 |
_cBK _k005.8 DEN _2ddc |
||
| 999 |
_c6671 _d6671 |
||